000 00406nam a22001457a 4500
005 20250513122535.0
008 250513b |||||||| |||| 00| 0 eng d
020 _a0961907304
050 _aHF 5438
_b.25 MIL
100 _aMILLER, ROBERT B.
245 _aSTRATEGIC SELLING
_cROBERT B. MILLER AND STEPHEN E. HEIMAN
260 _aCALIFORNIA
_bMILLER-HEIMAN INC
_cc1987
300 _a319p;.
942 _2lcc
_cBK
_n0
999 _c5747
_d5747